<?xml version="1.0" encoding="UTF-8"?>
<collection xmlns="http://www.loc.gov/MARC21/slim">
 <record>
  <leader>01328nam a2200205Ia 4500</leader>
  <controlfield tag="001">CTU_216130</controlfield>
  <controlfield tag="008">210402s9999    xx            000 0 und d</controlfield>
  <datafield tag="082" ind1=" " ind2=" ">
   <subfield code="a">895.922134</subfield>
  </datafield>
  <datafield tag="082" ind1=" " ind2=" ">
   <subfield code="b">Y600</subfield>
  </datafield>
  <datafield tag="100" ind1=" " ind2=" ">
   <subfield code="a">Y Phương</subfield>
  </datafield>
  <datafield tag="245" ind1=" " ind2="0">
   <subfield code="a">Vũ khúc Tày :</subfield>
  </datafield>
  <datafield tag="245" ind1=" " ind2="0">
   <subfield code="b">Thơ song ngữ Việt - Tày</subfield>
  </datafield>
  <datafield tag="245" ind1=" " ind2="0">
   <subfield code="c">Y Phương</subfield>
  </datafield>
  <datafield tag="260" ind1=" " ind2=" ">
   <subfield code="a">Thái Nguyên</subfield>
  </datafield>
  <datafield tag="260" ind1=" " ind2=" ">
   <subfield code="b">Đại học Thái Nguyên</subfield>
  </datafield>
  <datafield tag="260" ind1=" " ind2=" ">
   <subfield code="c">2015</subfield>
  </datafield>
  <datafield tag="520" ind1=" " ind2=" ">
   <subfield code="a">Nổi bật trong tập thơ này là một tâm thế khát khao yêu thương, đa phần hồi cố, hoài niệm để bâng khuâng trân trọng, pha chút ngậm ngùi, một phần nhỏ dành cho tình yêu trong hiện tại vẫn cháy rừng rực một ngọn lửa trẻ trung và mãnh liệt. Trong Vũ khúc Tày, khi tuổi trẻ đã đi qua, nhà thơ viết những bài thơ tình giản dị mà nặng trĩu hơn, đó là sự chiêm nghiệm về tình yêu, để từ đó dồn nén bao triết lý nhân sinh dù buồn đau vẫn lấp lánh hi vọng và niềm tin.</subfield>
  </datafield>
  <datafield tag="650" ind1=" " ind2=" ">
   <subfield code="a">Vietnamese poetry,Thơ Việt Nam</subfield>
  </datafield>
  <datafield tag="904" ind1=" " ind2=" ">
   <subfield code="i">Qhieu - Tú Ngân, Khánh Ngân, Linh, Sương</subfield>
  </datafield>
  <datafield tag="980" ind1=" " ind2=" ">
   <subfield code="a">Trung tâm Học liệu Trường Đại học Cần Thơ</subfield>
  </datafield>
 </record>
</collection>
